000
00376nam a2200133Ia 4500
008
191206s9999 xx 000 0 und d
020
_a
877492387
090
_a
SB126.5S49
245
0
_a
Beginner's guide to hydroponics: soilless gardening
260
_a
Drake Publishers
260
_c
c[1972]
300
_a
156 p. illus. (part col.) 23 cm.
999
_c
15532
_d
15532